[Event "European Blitz 2022"]
[Site "Katowice POL"]
[Date "2022.12.16"]
[Round "17.17"]
[White "Kazakouski, Valery"]
[Black "Sebenik, Matej"]
[Result "1-0"]
[WhiteTitle "GM"]
[BlackTitle "GM"]
[WhiteElo "2539"]
[BlackElo "2538"]
[WhiteFideId "13507443"]
[BlackFideId "14602296"]
[EventDate "2022.12.16"]

1. Nf3 Nf6 2. c4 e6 3. g3 d5 4. b3 Be7 5. Bg2 O-O 6. O-O c5 7. e3 Nc6 8. Bb2 d4
9. exd4 cxd4 10. Re1 Re8 11. Na3 Bf8 12. d3 e5 13. Nc2 a5 14. Ba3 Bb4 15. Bxb4
axb4 16. Qd2 Qd6 17. a3 bxa3 18. b4 e4 19. c5 Qd8 20. dxe4 Nxe4 21. Qd3 Nf6 22.
Rxe8+ Qxe8 23. Rxa3 Rxa3 24. Qxa3 Qe2 25. Qa8 Qd1+ 26. Bf1 Ne7 27. Nfxd4 Ne4 28.
Qa1 Qd2 29. Qe1 Qxe1 30. Nxe1 Nd5 31. Bg2 Nec3 32. Nec2 Bd7 33. Kf1 Kf8 34. Ke1
Ke7 35. Kd2 Nb1+ 36. Kd3 Be6 37. Nxe6 fxe6 38. Bxd5 exd5 39. b5 Ke6 40. f4 h5
41. h3 g6 42. g4 hxg4 43. hxg4 Kd7 44. f5 gxf5 45. gxf5 Ke7 46. c6 bxc6 47. b6
Kd7 48. f6 c5 49. f7 1-0

[Event "European Blitz 2022"]
[Site "Katowice POL"]
[Date "2022.12.16"]
[Round "17.18"]
[White "Schneider, Ilja"]
[Black "Gavrilescu, David"]
[Result "0-1"]
[WhiteTitle "IM"]
[BlackTitle "IM"]
[WhiteElo "2483"]
[BlackElo "2522"]
[WhiteFideId "4663306"]
[BlackFideId "1227190"]
[EventDate "2022.12.16"]

1. e4 c5 2. Nc3 e6 3. Nf3 Nc6 4. Bb5 Nd4 5. O-O a6 6. Bd3 Ne7 7. Nxd4 cxd4 8.
Ne2 Nc6 9. c3 d5 10. cxd4 dxe4 11. Bxe4 Nxd4 12. Nxd4 Qxd4 13. d3 Be7 14. Qf3
O-O 15. Bxb7 Bxb7 16. Qxb7 Bf6 17. Be3 Qxb2 18. Qxb2 Bxb2 19. Rab1 Bf6 20. Rfc1
Rfd8 21. Rb3 h5 22. Kf1 Rd5 23. Rc5 Rxc5 24. Bxc5 Rd8 25. Ra3 Rc8 26. d4 Rc6 27.
Rb3 e5 28. Rb6 Rc8 29. dxe5 Bd8 30. Rxa6 Rxc5 31. Ra8 Rd5 32. a4 Kh7 33. Ra7 Kg6
34. Ra6+ Kf5 35. Ra7 Ke6 36. f4 Rd4 37. g3 Rd2 38. Ra6+ Ke7 39. Ra7+ Rd7 40. Ra6
Rb7 41. a5 Bc7 42. Kg2 Kd7 43. Kh3 Rb5 44. Kh4 g6 45. Kg5 Bd8+ 46. Kh6 Rxa5 47.
Rxa5 Bxa5 48. f5 gxf5 49. Kxh5 Ke6 0-1

[Event "European Blitz 2022"]
[Site "Katowice POL"]
[Date "2022.12.16"]
[Round "17.19"]
[White "Bartel, Mateusz"]
[Black "Spalir, Jernej"]
[Result "1-0"]
[WhiteTitle "GM"]
[BlackTitle "IM"]
[WhiteElo "2627"]
[BlackElo "2377"]
[WhiteFideId "1112635"]
[BlackFideId "14606518"]
[EventDate "2022.12.16"]

1. e4 e5 2. Nf3 Nc6 3. Bb5 a6 4. Ba4 Nf6 5. O-O Be7 6. d3 b5 7. Bb3 d6 8. Bd2
O-O 9. h3 h6 10. a3 Re8 11. Nc3 Bf8 12. Nd5 Be6 13. Re1 Nd7 14. c3 Ne7 15. Ne3
Nc5 16. Bc2 Ng6 17. d4 Nb7 18. Nf5 c5 19. d5 Bd7 20. b4 a5 21. Qe2 Qc7 22. Bd3
c4 23. Bc2 Ra6 24. Be3 Rea8 25. Rac1 axb4 26. axb4 Ra2 27. Qd2 R8a3 28. h4 Ne7
29. g4 h5 30. gxh5 Nxf5 31. exf5 Bxf5 32. Bxf5 Rxd2 33. Bxd2 Nd8 34. Ng5 Be7 35.
Be3 Qb7 36. Be4 f6 37. Nh3 f5 38. Bxf5 Qxd5 39. Bg4 Nf7 40. Rcd1 Qe4 41. Be6
Qxh4 42. Kg2 Kf8 43. f4 Ra2+ 44. Bf2 Qxh5 45. Ra1 Rxa1 46. Rxa1 exf4 47. Ra8+
Nd8 48. Nxf4 Qg5+ 49. Kf3 Qf6 50. Bd4 Qh4 51. Ng6+ 1-0

[Event "European Blitz 2022"]
[Site "Katowice POL"]
[Date "2022.12.16"]
[Round "17.20"]
[White "Kjartansson, Gudmundur"]
[Black "Keinanen, Toivo"]
[Result "0-1"]
[WhiteTitle "GM"]
[BlackTitle "IM"]
[WhiteElo "2453"]
[BlackElo "2508"]
[WhiteFideId "2301318"]
[BlackFideId "509825"]
[EventDate "2022.12.16"]

1. c4 e6 2. Nc3 d5 3. d4 Be7 4. cxd5 exd5 5. Bf4 c6 6. e3 Bf5 7. Nge2 Nd7 8. Ng3
Be6 9. Nge2 Ngf6 10. h3 O-O 11. Bh2 Re8 12. Nf4 Bf5 13. Bd3 Bxd3 14. Nxd3 Nf8
15. Ne5 Bd6 16. f4 N6d7 17. Qd3 f6 18. Nf3 Qe7 19. Kf2 Qf7 20. g4 Re7 21. h4
Rae8 22. Rae1 b5 23. h5 b4 24. Na4 c5 25. b3 Re4 26. Nd2 R4e7 27. Nf3 Rc8 28.
Qa6 Nb6 29. Nxc5 Bxc5 30. dxc5 Rxc5 31. Nd4 Ne6 32. Nf5 Rec7 33. Re2 Qd7 34. Rd1
g6 35. hxg6 hxg6 36. Nh4 Qh7 37. Bg3 Rc8 38. f5 gxf5 39. Nxf5 Ng5 40. Rd4 Ne4+
41. Rxe4 dxe4 42. Nd6 Qh1 43. Nxc8 Rc1 44. Ne7+ Kf7 45. Bd6 Qf3# 0-1

[Event "European Blitz 2022"]
[Site "Katowice POL"]
[Date "2022.12.16"]
[Round "17.21"]
[White "Tisaj, Domen"]
[Black "Drozdowski, Kacper"]
[Result "1/2-1/2"]
[WhiteTitle "FM"]
[BlackTitle "IM"]
[WhiteElo "2396"]
[BlackElo "2448"]
[WhiteFideId "14628708"]
[BlackFideId "1136720"]
[EventDate "2022.12.16"]

1. d4 Nf6 2. c4 g6 3. g3 Bg7 4. Bg2 O-O 5. Nc3 d6 6. Nf3 Nc6 7. O-O a6 8. d5 Na5
9. b3 c5 10. dxc6 Nxc6 11. Bb2 Rb8 12. Rc1 Bd7 13. Nd5 Nxd5 14. Bxg7 Ne3 15. Qd3
Nxf1 16. Bxf8 Nxg3 17. hxg3 Qxf8 18. c5 Bf5 19. e4 Bg4 20. cxd6 exd6 21. Nd4 Bd7
22. Rd1 Rd8 23. Nxc6 Bxc6 24. e5 Bxg2 25. Kxg2 d5 26. Qf3 Qc5 27. Qf6 Qc7 28. e6
fxe6 29. Qxe6+ Qf7 30. Qe5 Qd7 31. Rc1 Re8 32. Qd4 Qd6 33. Rc5 Rd8 34. Qc3 d4
35. Qc4+ Kh8 36. Rc7 d3 37. Qf7 Qd5+ 38. Qxd5 Rxd5 39. Rc1 Ra5 40. a4 b5 41. Rd1
bxa4 42. bxa4 Rxa4 43. Rxd3 Kg7 44. Rd7+ Kh6 45. f4 Rb4 46. Ra7 Rb6 47. Kh3 g5
48. fxg5+ Kg6 49. Kh4 Rb4+ 50. Kh3 Ra4 51. Kg2 Ra2+ 52. Kh3 a5 53. Kg4 a4 54.
Ra6+ Kg7 55. Ra7+ Kg6 56. Ra6+ Kg7 1/2-1/2

[Event "European Blitz 2022"]
[Site "Katowice POL"]
[Date "2022.12.16"]
[Round "17.22"]
[White "Alexakis, Dimitris"]
[Black "Nasuta, Grzegorz"]
[Result "1-0"]
[WhiteTitle "IM"]
[BlackTitle "GM"]
[WhiteElo "2486"]
[BlackElo "2546"]
[WhiteFideId "4277023"]
[BlackFideId "1141686"]
[EventDate "2022.12.16"]

1. e4 c5 2. Nf3 d6 3. d4 cxd4 4. Qxd4 Nc6 5. Qe3 g6 6. Be2 Bg7 7. O-O Nf6 8. h3
O-O 9. c4 Qb6 10. Nc3 Be6 11. Rb1 Nd7 12. Nd5 Qxe3 13. Bxe3 Nc5 14. Nd2 Bxd5 15.
exd5 Nd4 16. Bd1 Nf5 17. Bf4 Nd3 18. Bh2 Nxb2 19. Bc2 Rac8 20. Rfe1 Rfe8 21. Kf1
b6 22. g4 Nh4 23. Bg3 g5 24. Ne4 h6 25. Re2 Nf3 26. Bb3 Nxc4 27. Ba4 Red8 28.
Kg2 Nd4 29. Ree1 Be5 30. h4 Bxg3 31. Nxg3 Ne5 32. Re4 Nc2 33. Nf5 Kf8 34. Nxh6
gxh4 35. Rh1 Rc4 36. Rxc4 Nxc4 37. Bxc2 e6 38. Rxh4 Kg7 39. g5 Ne5 40. f4 Ng6
41. Bxg6 Kxg6 42. Rh3 Rc8 43. dxe6 fxe6 44. Rd3 Rc6 45. Re3 e5 46. Kg3 exf4+ 47.
Kxf4 Rc4+ 48. Re4 d5 49. Rxc4 dxc4 50. Ng4 b5 51. Ne5+ Kg7 52. Ke4 c3 53. Kd3 b4
54. Nc6 Kg6 55. Nxb4 Kxg5 56. Kxc3 Kf5 57. Nc6 a6 58. Nb4 Ke5 59. Nxa6 Kd5 60.
Nb4+ Kc5 61. a4 1-0

[Event "European Blitz 2022"]
[Site "Katowice POL"]
[Date "2022.12.16"]
[Round "17.23"]
[White "Langheinrich, Ferenc"]
[Black "Kosteniuk, Alexandra"]
[Result "1/2-1/2"]
[WhiteTitle "IM"]
[BlackTitle "GM"]
[WhiteElo "2381"]
[BlackElo "2520"]
[WhiteFideId "4641973"]
[BlackFideId "4128125"]
[EventDate "2022.12.16"]

1. e4 c6 2. Nf3 d5 3. d3 Qc7 4. g3 Nf6 5. Qe2 Bg4 6. Bg2 Nbd7 7. h3 Bxf3 8. Bxf3
d4 9. Bg2 e5 10. a4 Bb4+ 11. c3 Bc5 12. O-O a5 13. Nd2 Ba7 14. Nb3 c5 15. cxd4
cxd4 16. Bd2 Bb6 17. Rac1 Qd8 18. f4 O-O 19. fxe5 Nxe5 20. Bg5 Qd6 21. Bf4 Nfd7
22. Nd2 Qe6 23. Nc4 Nxc4 24. Rxc4 Qxc4 25. dxc4 d3+ 26. Qf2 Bxf2+ 27. Kxf2 Rac8
28. b3 Rfe8 29. Rb1 Nc5 30. e5 Rcd8 31. Bd5 b6 32. b4 Nxa4 33. Rb3 axb4 34. Bd2
Rxe5 35. Bxb4 b5 36. Rxd3 bxc4 37. Bxf7+ Kxf7 38. Rxd8 Rb5 39. Bd2 c3 40. Bf4
Rc5 41. Ra8 Nb2 42. Rd8 c2 43. Bc1 Nc4 44. Ke2 Na5 45. Rd7+ Kg6 46. Rd3 h5 47.
h4 Nc6 48. Kd2 Ne5 49. Rc3 Rxc3 50. Kxc3 Kf5 51. Kxc2 Kg4 52. Bf4 Nf3 53. Bd6
Ng1 54. Kd3 Kf3 55. Be5 g6 56. Kc4 Ne2 57. Kd5 Nxg3 58. Ke6 Nf5 59. Kf6 Nxh4 60.
Kg5 Ng2 61. Kxg6 h4 62. Kh5 h3 63. Bh2 Ne3 64. Kh4 Kg2 65. Bb8 Nf5+ 66. Kg4 Nd4
67. Kh4 Ne6 68. Bd6 Nd4 69. Kg4 Ne2 70. Bb8 Ng1 71. Bc7 Nf3 72. Bb8 1/2-1/2

[Event "European Blitz 2022"]
[Site "Katowice POL"]
[Date "2022.12.16"]
[Round "17.24"]
[White "Haug, Havard"]
[Black "Fridman, Daniel"]
[Result "1/2-1/2"]
[BlackTitle "GM"]
[WhiteElo "2044"]
[BlackElo "2602"]
[WhiteFideId "1547887"]
[BlackFideId "11600454"]
[EventDate "2022.12.16"]

1. e4 c6 2. c4 d5 3. cxd5 cxd5 4. exd5 Nf6 5. Nc3 Nxd5 6. Nf3 Nc6 7. d4 e6 8.
Bd3 Be7 9. O-O O-O 10. Bb1 Re8 11. Qd3 g6 12. h3 b6 13. a3 Bb7 14. Ba2 Na5 15.
Bd2 Rc8 16. Rac1 Nxc3 17. Rxc3 Nc6 18. d5 exd5 19. Qxd5 Qxd5 20. Bxd5 Bf6 21.
Rc2 Ne7 22. Rxc8 Bxc8 23. Bb3 Bb7 24. Re1 Rd8 25. Bc3 Bxc3 26. Rxe7 Bxf3 27.
bxc3 Bd5 28. Bxd5 Rxd5 29. Rxa7 Rc5 30. Rb7 Rxc3 31. Rxb6 Rxa3 32. g3 h5 33. h4
Kg7 34. Kg2 Ra5 35. Rc6 Rf5 36. Rb6 Rf6 37. Rb3 Rf5 38. Rc3 Kf6 39. Rb3 Ke5 1/2-1/2

[Event "European Blitz 2022"]
[Site "Katowice POL"]
[Date "2022.12.16"]
[Round "17.25"]
[White "Subelj, Jan"]
[Black "Saric, Ante"]
[Result "1/2-1/2"]
[WhiteTitle "IM"]
[BlackTitle "GM"]
[WhiteElo "2492"]
[BlackElo "2504"]
[WhiteFideId "14618583"]
[BlackFideId "14506254"]
[EventDate "2022.12.16"]

1. e4 d5 2. exd5 Nf6 3. d4 Bg4 4. Nf3 Bxf3 5. Qxf3 Qxd5 6. Qxd5 Nxd5 7. c4 Nb4
8. Na3 N8c6 9. Be3 e5 10. d5 Nd4 11. Bxd4 exd4 12. Kd2 O-O-O 13. Nc2 Nxc2 14.
Kxc2 c6 15. dxc6 bxc6 16. Bd3 Kc7 17. Rhe1 Bb4 18. Re2 Rhe8 19. a3 Rxe2+ 20.
Bxe2 Bd6 21. g3 a5 22. Bd3 Re8 23. Kd2 1/2-1/2

[Event "European Blitz 2022"]
[Site "Katowice POL"]
[Date "2022.12.16"]
[Round "17.26"]
[White "Mastrovasilis, Dimitrios"]
[Black "Karolczuk, Iwo"]
[Result "1-0"]
[WhiteTitle "GM"]
[BlackTitle "FM"]
[WhiteElo "2605"]
[BlackElo "2327"]
[WhiteFideId "4202694"]
[BlackFideId "21816972"]
[EventDate "2022.12.16"]

1. e4 c5 2. Nf3 d6 3. d4 cxd4 4. Nxd4 Nf6 5. f3 e5 6. Nb3 d5 7. Bg5 Be6 8. Bxf6
gxf6 9. exd5 Qxd5 10. Qxd5 Bxd5 11. Nc3 Be6 12. O-O-O Nc6 13. Bb5 Bh6+ 14. Kb1
Ke7 15. Nd5+ Bxd5 16. Rxd5 Rhd8 17. Rhd1 Rxd5 18. Rxd5 Be3 19. c3 Rg8 20. g3 h5
21. a4 h4 22. g4 h3 23. Bf1 Rh8 24. Nc5 b6 25. Rd7+ Ke8 26. Rc7 Bxc5 27. Rxc6
Ke7 28. Rc7+ Kd6 29. Rxf7 Bg1 30. Rxf6+ Ke7 31. g5 Bxh2 32. Rh6 Rg8 33. Rxh3 Bf4
34. Rh7+ Kd6 35. Rxa7 Rxg5 36. Bd3 Rg2 37. Be4 Rg1+ 38. Kc2 Rg2+ 1-0

[Event "European Blitz 2022"]
[Site "Katowice POL"]
[Date "2022.12.16"]
[Round "17.27"]
[White "Azarov, Sergei"]
[Black "Grabarczyk, Miroslaw"]
[Result "1-0"]
[WhiteTitle "GM"]
[BlackTitle "GM"]
[WhiteElo "2562"]
[BlackElo "2337"]
[WhiteFideId "13501470"]
[BlackFideId "1101684"]
[EventDate "2022.12.16"]

1. e4 e5 2. Nf3 Nf6 3. Nxe5 d6 4. Nf3 Nxe4 5. d4 d5 6. Bd3 Nd6 7. O-O Be7 8. Bf4
O-O 9. h3 Re8 10. Nbd2 Nd7 11. c3 Nf8 12. Qc2 g6 13. Rfe1 c6 14. Ne5 Bf5 15. Ng4
Bxd3 16. Qxd3 Nf5 17. Be5 Qd7 18. Qxf5 1-0

[Event "European Blitz 2022"]
[Site "Katowice POL"]
[Date "2022.12.16"]
[Round "17.28"]
[White "Ondozi, Murtez"]
[Black "Tregubov, Pavel V."]
[Result "1-0"]
[WhiteTitle "FM"]
[BlackTitle "GM"]
[WhiteElo "2406"]
[BlackElo "2553"]
[WhiteFideId "937576"]
[BlackFideId "4115341"]
[EventDate "2022.12.16"]

1. d4 Nf6 2. c4 e6 3. Nf3 Bb4+ 4. Bd2 Qe7 5. Nc3 Bxc3 6. Bxc3 Ne4 7. Qc2 Nxc3 8.
Qxc3 d6 9. g3 O-O 10. Bg2 Re8 11. O-O e5 12. dxe5 dxe5 13. Rfd1 Nc6 14. a3 a5
15. h3 a4 16. c5 f6 17. e3 Be6 18. Nd2 Na5 19. Rac1 Red8 20. Qb4 c6 21. Ne4 Nb3
22. Rxd8+ Rxd8 23. Re1 Bd5 24. Qxa4 Nxc5 25. Qb4 Bxe4 26. Bxe4 Qd6 27. Bf3 Nd3
28. Qxd6 Rxd6 29. Rd1 f5 30. e4 Rd4 31. exf5 Nxb2 32. Rb1 Rd2 33. Kg2 Nd3 34.
Rf1 Kf7 35. Be4 Nc5 36. Re1 Nxe4 37. Rxe4 Kf6 38. g4 b5 39. Rb4 Rd4 40. Rb3 e4
41. Kf1 Ke5 42. Ke2 Kf4 43. Rc3 Ra4 44. Kf1 h5 45. gxh5 Kxf5 46. Rxc6 Rxa3 47.
Rc5+ Kf4 48. Kg2 b4 49. Rb5 b3 50. Rb7 Ra5 51. Rxb3 Rg5+ 52. Kf1 Rxh5 53. Kg2
Rg5+ 54. Kf1 Rd5 55. Kg2 g5 56. Ra3 Rd3 57. Ra8 Rd2 58. Rf8+ Ke5 59. Re8+ Kf5
60. Rf8+ Ke5 61. Re8+ 1-0

[Event "European Blitz 2022"]
[Site "Katowice POL"]
[Date "2022.12.16"]
[Round "17.29"]
[White "Seemann, Jakub"]
[Black "Gaehwiler, Gabriel"]
[Result "1/2-1/2"]
[WhiteTitle "FM"]
[BlackTitle "IM"]
[WhiteElo "2365"]
[BlackElo "2408"]
[WhiteFideId "21874697"]
[BlackFideId "1314530"]
[EventDate "2022.12.16"]

1. d4 Nf6 2. c4 g6 3. Nc3 Bg7 4. e4 d6 5. Nf3 O-O 6. Be2 e5 7. O-O Bg4 8. d5 a5
9. Ne1 Bd7 10. Nd3 Na6 11. Be3 h5 12. a3 a4 13. f3 Qe8 14. c5 h4 15. Rc1 Nh5 16.
cxd6 cxd6 17. Bg5 Bf6 18. Bxf6 Nxf6 19. f4 Qe7 20. Qd2 Nh7 21. fxe5 dxe5 22. Qh6
Rae8 23. Kh1 Qg5 24. Qxg5 Nxg5 25. Rf6 h3 26. gxh3 Nxh3 27. Rg1 Nxg1 28. Kxg1
Kg7 29. Rb6 Bc8 30. Nxa4 f5 31. Nac5 fxe4 32. Nxe4 Rd8 33. Nxe5 Bf5 34. Rxb7+
Kh6 35. Nf7+ Rxf7 36. Rxf7 Bxe4 37. Bxa6 Rxd5 38. Bb7 Rd1+ 39. Kf2 Bf5 40. Ke3
Rd3+ 41. Kf4 Rb3 42. Bd5 Rxb2 43. a4 Rxh2 44. a5 Rh4+ 45. Ke5 Ra4 46. Ra7 Kg5
47. Ra8 Bd3 48. Kd6 Kf4 49. Bc6 Ra3 50. Bb7 g5 51. a6 Bxa6 52. Bxa6 Kg3 53. Ke5
g4 54. Ke4 Ra4+ 55. Ke3 Ra3+ 56. Ke4 Ra4+ 57. Kf5 Ra5+ 58. Kg6 Ra4 59. Bb7 Rxa8
60. Bxa8 Kf2 61. Kf5 g3 62. Kf4 g2 63. Bxg2 Kxg2 64. Ke4 1/2-1/2

[Event "European Blitz 2022"]
[Site "Katowice POL"]
[Date "2022.12.16"]
[Round "17.30"]
[White "Kracht, Raphael"]
[Black "Peyrer, Konstantin"]
[Result "0-1"]
[BlackTitle "FM"]
[WhiteElo "2124"]
[BlackElo "2380"]
[WhiteFideId "16214382"]
[BlackFideId "1640879"]
[EventDate "2022.12.16"]

1. e4 c6 2. d3 d5 3. Nd2 Qc7 4. Ngf3 Bg4 5. h3 Bh5 6. Be2 Nd7 7. Nh4 Bxe2 8.
Qxe2 e6 9. O-O Bd6 10. Re1 Ne7 11. d4 Bh2+ 12. Kh1 Bf4 13. Ndf3 Bxc1 14. Raxc1
dxe4 15. Qxe4 O-O 16. Ne5 Nxe5 17. dxe5 Rad8 18. Nf3 Rd7 19. Ng5 Ng6 20. h4 Rfd8
21. Nf3 h6 22. h5 Ne7 23. g3 c5 24. Kg2 Nc6 25. c3 Qa5 26. a3 Qb5 27. Re2 Qb3
28. Rce1 Rd1 29. Rxd1 Qxd1 30. Qe3 c4 31. Re1 Qb3 32. Re2 Rd3 33. Qe4 Qb5 34.
Nd4 Nxd4 35. cxd4 Qb6 36. d5 exd5 37. Qf5 Qe6 38. Qf4 d4 39. Re4 c3 40. bxc3
dxc3 41. Rd4 Rxd4 42. Qxd4 Qc6+ 43. Kh2 c2 44. Qd8+ Kh7 45. Qd3+ g6 46. hxg6+
Kg7 47. e6 0-1

[Event "European Blitz 2022"]
[Site "Katowice POL"]
[Date "2022.12.16"]
[Round "17.31"]
[White "Wieczorek, Oskar"]
[Black "Czernek, Tymon"]
[Result "1-0"]
[WhiteTitle "GM"]
[BlackTitle "FM"]
[WhiteElo "2504"]
[BlackElo "2302"]
[WhiteFideId "1133950"]
[BlackFideId "1199510"]
[EventDate "2022.12.16"]

1. e4 c5 2. Nf3 d6 3. Bb5+ Nd7 4. a4 a6 5. Be2 Ngf6 6. Nc3 g6 7. d4 cxd4 8. Qxd4
Bg7 9. h3 O-O 10. Qe3 Qc7 11. O-O b6 12. Rd1 Bb7 13. Bd2 Rac8 14. Bd3 Qb8 15.
Qe2 Qa8 16. Re1 Nc5 17. Bg5 Rfe8 18. Qe3 Nfd7 19. Bh6 Bh8 20. Bc4 e6 21. Rad1 d5
22. Ba2 dxe4 23. Ng5 Nf6 24. b4 Nd3 25. cxd3 Rxc3 26. Qxb6 Rc6 27. Qe3 Nd5 28.
Qg3 Nc3 29. Rd2 exd3 30. Bb3 Qb8 31. Qxb8 Rxb8 32. Rxd3 Ba8 33. Nxe6 fxe6 34.
Rxe6 Rc7 35. Re8# 1-0

[Event "European Blitz 2022"]
[Site "Katowice POL"]
[Date "2022.12.16"]
[Round "17.32"]
[White "Mitusov, Semen"]
[Black "Livaic, Leon"]
[Result "0-1"]
[WhiteTitle "IM"]
[BlackTitle "GM"]
[WhiteElo "2397"]
[BlackElo "2572"]
[WhiteFideId "14151049"]
[BlackFideId "14531534"]
[EventDate "2022.12.16"]

1. e4 c5 2. Nf3 e6 3. c3 Nc6 4. d4 d5 5. exd5 exd5 6. Bb5 Nf6 7. O-O Be7 8. dxc5
Bxc5 9. Re1+ Be6 10. Nd4 O-O 11. Bxc6 bxc6 12. Be3 Qd6 13. Nxe6 fxe6 14. Nd2
Rae8 15. Qa4 Bb6 16. Re2 e5 17. Bxb6 axb6 18. Qb3 b5 19. a4 bxa4 20. Rxa4 Rb8
21. Qa2 Kh8 22. h3 Nh5 23. Re3 Nf4 24. Kh1 Qg6 25. Rg3 Qc2 26. b4 Qd1+ 27. Kh2
Ne2 28. Qa1 Qxa1 29. Rxa1 Nxg3 30. Kxg3 Ra8 31. Re1 Ra2 32. Nf3 e4 33. Nd4 Rfxf2
34. Nxc6 Rxg2+ 35. Kf4 h6 36. Ke5 Rg3 37. Kxd5 Rxc3 38. Rxe4 Rd2+ 39. Nd4 Rxh3
40. b5 Rb3 41. Kc4 Rb1 42. Nb3 Rc2+ 43. Kb4 Rc8 44. b6 Rb8 45. Re6 h5 46. Kc4 h4
47. Re4 g5 48. Re6 Kg7 49. Re7+ Kf6 50. Rh7 Rxb6 51. Nd4 R6b4+ 52. Kc5 Rxd4 53.
Kxd4 Kf5 54. Ke3 Kg4 55. Kf2 Rb2+ 56. Kf1 Kg3 57. Ra7 Rb1+ 58. Ke2 h3 0-1

[Event "European Blitz 2022"]
[Site "Katowice POL"]
[Date "2022.12.16"]
[Round "17.33"]
[White "Dobrovoljc, Vid"]
[Black "Tazbir, Marcin"]
[Result "0-1"]
[WhiteTitle "FM"]
[BlackTitle "GM"]
[WhiteElo "2384"]
[BlackElo "2508"]
[WhiteFideId "14609843"]
[BlackFideId "1122452"]
[EventDate "2022.12.16"]

1. Nf3 d5 2. g3 c5 3. Bg2 Nc6 4. O-O Nf6 5. d3 g6 6. Nbd2 Bg7 7. e4 O-O 8. c3 e5
9. Qb3 c4 10. dxc4 dxe4 11. Ng5 e3 12. fxe3 Ng4 13. Ndf3 Na5 14. Qb4 Nc6 15. Qb3
h6 16. Ne4 f5 17. Nf2 e4 18. Nd4 Na5 19. Qb5 Ne5 20. Qd5+ Qxd5 21. cxd5 Rd8 22.
Ne6 Bxe6 23. dxe6 h5 24. h3 Rd6 25. g4 Rxe6 26. gxf5 gxf5 27. Nh1 Rg6 28. Kh2
Nf3+ 29. Bxf3 Be5+ 0-1

[Event "European Blitz 2022"]
[Site "Katowice POL"]
[Date "2022.12.16"]
[Round "17.34"]
[White "Molenda, Marcin"]
[Black "Kosakowski, Jakub"]
[Result "0-1"]
[WhiteTitle "FM"]
[BlackTitle "IM"]
[WhiteElo "2381"]
[BlackElo "2475"]
[WhiteFideId "1173065"]
[BlackFideId "1185080"]
[EventDate "2022.12.16"]

1. e4 c6 2. Nc3 d5 3. Nf3 dxe4 4. Nxe4 Nf6 5. Qe2 Nxe4 6. Qxe4 Be6 7. d4 Nd7 8.
Be2 Nf6 9. Qd3 Bd5 10. c4 Be4 11. Qb3 Qb6 12. Qxb6 axb6 13. O-O e6 14. b3 Be7
15. Bb2 O-O 16. Ne5 Rfd8 17. f3 Bf5 18. g4 Bg6 19. Nxg6 hxg6 20. Kg2 g5 21. a4
c5 22. Rad1 cxd4 23. Bxd4 Nd7 24. Bd3 Bf6 25. Be3 Nc5 26. Bxc5 bxc5 27. Be4 Bd4
28. f4 gxf4 29. Rxf4 Ra6 30. h4 Rb6 31. Rf3 Rd7 32. g5 f5 33. gxf6 gxf6 34. Kh3
f5 35. Bc2 Rg7 36. Rdd3 Rd6 37. Rg3 Rxg3+ 38. Rxg3+ Kf7 39. Kg2 Rd8 40. h5 Be5
41. Rd3 Rg8+ 42. Kf2 Bd4+ 43. Kf3 e5 44. Rd1 e4+ 45. Kf4 Kf6 46. Bxe4 Rg4+ 47.
Kf3 Rxe4 0-1

[Event "European Blitz 2022"]
[Site "Katowice POL"]
[Date "2022.12.16"]
[Round "17.35"]
[White "Suder, Jakub"]
[Black "Blohberger, Felix"]
[Result "0-1"]
[WhiteTitle "FM"]
[BlackTitle "GM"]
[WhiteElo "2244"]
[BlackElo "2490"]
[WhiteFideId "1195310"]
[BlackFideId "1632051"]
[EventDate "2022.12.16"]

1. d4 Nf6 2. c4 e6 3. Nc3 Bb4 4. f3 O-O 5. a3 Bxc3+ 6. bxc3 c5 7. e4 Ne8 8. Be3
b6 9. Bd3 Ba6 10. f4 Nc6 11. Nf3 Na5 12. e5 f5 13. Qe2 d5 14. Nd2 cxd4 15. cxd4
dxc4 16. Nxc4 Nxc4 17. Bxc4 Bxc4 18. Qxc4 Nc7 19. O-O Nd5 20. Bd2 Rc8 21. Qa6
Rc2 22. Qd3 Qc7 23. Bb4 Rc8 24. Rad1 Qc4 25. Qg3 Qa2 26. Bd6 Ne3 27. Qg5 Rxg2+ 0-1

[Event "European Blitz 2022"]
[Site "Katowice POL"]
[Date "2022.12.16"]
[Round "17.36"]
[White "Stefansson, Hannes"]
[Black "Piesik, Piotr"]
[Result "1-0"]
[WhiteTitle "GM"]
[BlackTitle "IM"]
[WhiteElo "2526"]
[BlackElo "2420"]
[WhiteFideId "2300087"]
[BlackFideId "1136194"]
[EventDate "2022.12.16"]

1. e4 e6 2. d4 d5 3. Nc3 Bb4 4. e5 b6 5. Qg4 Bf8 6. Bb5+ c6 7. Ba4 a5 8. Bb3 b5
9. a4 b4 10. Nce2 Ba6 11. Nh3 Ne7 12. O-O Nf5 13. Rd1 Nd7 14. Nef4 Be7 15. c3
Qb6 16. Bc2 g6 17. Bd2 b3 18. Bxf5 exf5 19. Qg3 Nf8 20. e6 fxe6 21. Re1 O-O-O
22. Nxe6 Bd6 23. Bf4 Nxe6 24. Rxe6 Bxf4 25. Nxf4 Rd7 26. Rae1 Kb7 27. h4 Rg8 28.
Qg5 Qd8 29. Re7 h6 30. Rxd7+ Qxd7 31. Qe7 Qxe7 32. Rxe7+ Kb6 33. Ne6 g5 34. h5
Bc8 35. Nc5 Rh8 36. Nxb3 f4 37. Nc5 Rf8 38. f3 Rg8 39. Kf2 g4 40. Rh7 gxf3 41.
gxf3 Rg3 42. Rxh6 Rh3 43. Rh8 Bf5 44. b4 Rh2+ 45. Kg1 Rh3 46. Kg2 Rg3+ 47. Kf2
Rh3 48. h6 Rh2+ 49. Kg1 Rh3 50. Kg2 Rg3+ 51. Kf2 Rh3 52. Rb8+ Ka7 53. Rf8 Bc2
54. Rf6 axb4 55. cxb4 Rh4 56. a5 1-0

[Event "European Blitz 2022"]
[Site "Katowice POL"]
[Date "2022.12.16"]
[Round "17.37"]
[White "Costachi, Mihnea"]
[Black "Drazic, Sinisa"]
[Result "1/2-1/2"]
[WhiteTitle "IM"]
[BlackTitle "GM"]
[WhiteElo "2476"]
[BlackElo "2372"]
[WhiteFideId "1217518"]
[BlackFideId "901172"]
[EventDate "2022.12.16"]

1. d4 d5 2. c4 dxc4 3. Nf3 Nf6 4. e3 Be6 5. Na3 Bd5 6. Bxc4 e6 7. Be2 Bb4+ 8.
Bd2 Bxd2+ 9. Qxd2 Nbd7 10. O-O O-O 11. Nc4 c5 12. Rfd1 Qe7 13. Rac1 Rfc8 14. b3
b6 15. Nce5 h6 16. Ba6 Rd8 17. Qe2 Nb8 18. Bd3 cxd4 19. Nxd4 Qd6 20. Nc4 Qf8 21.
Nb5 Nc6 22. Nc7 Rac8 23. Nxd5 Nxd5 24. Be4 Nf6 25. Bb1 Qe7 26. Rxd8+ Nxd8 27.
Rd1 Nb7 28. Ne5 Qc5 29. Ng4 Nxg4 30. Qxg4 Nd6 31. h3 Ne8 32. Qa4 a5 33. Qe4 Nf6
34. Qb7 g5 35. Qf3 Kg7 36. Qg3 Qc7 37. Qf3 Qe5 38. Qb7 Qc7 39. Qxc7 Rxc7 40. e4
Nd7 41. Kf1 Ne5 42. Ke2 h5 43. Bd3 Rd7 44. Bb5 Rxd1 45. Kxd1 h4 46. Ke2 Kf6 47.
Ke3 Ng6 48. g3 Ke5 49. Be8 Kf6 50. gxh4 Nxh4 51. a3 Ke7 52. Bb5 Ng6 53. b4 axb4
54. axb4 f6 55. Bc4 Nf4 56. Bb5 Nxh3 57. Kf3 Kd6 58. Bc4 Ke5 59. Ke3 Nf4 60. Bb3
Ng6 61. Bc4 Ne7 62. Bb5 Nc8 63. Bc4 Nd6 64. Bd3 g4 65. Bc2 Nc4+ 66. Kd3 Nd6 67.
Ke3 Nc8 68. Bd3 Na7 69. Be2 f5 70. exf5 exf5 71. f4+ gxf3 72. Bxf3 Nb5 73. Kd3
Nd6 74. Bh5 Kd5 75. Bf3+ Ne4 76. Bg2 Ke5 77. Bf3 Nd6 78. Bc6 Nf7 79. Kc4 Kd6 80.
Kb5 Kc7 81. Bg2 Nd6+ 1/2-1/2